| 000 | 00642nam a2200229 a 4500 | ||
|---|---|---|---|
| 001 | 000033604 | ||
| 003 | DO-SdBNP | ||
| 005 | 20220805113849.0 | ||
| 007 | ta | ||
| 008 | 110901s19uu dr r 000 0 spa d | ||
| 040 |
_aDO-SdBNP _bspa _cBNPHU |
||
| 082 |
_axxxx _bM433g |
||
| 100 |
_aMatos, Esthervina _939382 _d1913-1999 |
||
| 245 | 1 | 0 |
_aEl genio de Beethoven y su música inmortal / _cEsthervina Matos. |
| 260 |
_aSanto Domingo : _bMontalvo, _c[19--?]. |
||
| 300 |
_a32 p. ; _c22 cm. |
||
| 490 | 1 | _aRutas estéticas ; | |
| 590 | _aInventariado, 2018/ YL | ||
| 830 | 0 |
_aRuta Estéticas _959087 |
|
| 910 | _aYLockward | ||
| 942 |
_2ddc _cLF2 |
||
| 999 |
_c33095 _d33095 |
||